000
00206 a2200097 4500
001
47537
100
_a
Burne A
245
_a
The art of war on cand
260
_a
London
_b
Methuen
_c
090
_c
30555
_d
30555
942
_a
NUST-CAE
_c
M
_c
22842
999
_c
282610
_d
282610